Statistiques concernant Mots cachés n°10

Cliquez ici pour prendre le quiz!

Statistiques générales

  • Ce quiz a été pris 116 fois
  • Le résultat moyen est 24 sur 25

Statistiques - réponses

QuestionTuileSelect% Correct
sur, poète, lit et stylo.NNon
100%
sur, poète, lit et stylo.NNon
100%
sur, poète, lit et stylo.GNon
99%
sur, poète, lit et stylo.INon
99%
sur, poète, lit et stylo.RNon
99%
sur, poète, lit et stylo.ONon
98%
sur, poète, lit et stylo.ONon
98%
sur, poète, lit et stylo.SOui
98%
sur, poète, lit et stylo.EOui
97%
sur, poète, lit et stylo.LOui
97%
sur, poète, lit et stylo.ONon
97%
sur, poète, lit et stylo.RNon
97%
sur, poète, lit et stylo.TOui
97%
sur, poète, lit et stylo.YOui
97%
sur, poète, lit et stylo.EOui
95%
sur, poète, lit et stylo.ONon
95%
sur, poète, lit et stylo.OOui
95%
sur, poète, lit et stylo.TOui
95%
sur, poète, lit et stylo.TNon
95%
sur, poète, lit et stylo.POui
94%
sur, poète, lit et stylo.PNon
94%
sur, poète, lit et stylo.IOui
93%
sur, poète, lit et stylo.OOui
92%
sur, poète, lit et stylo.UOui
89%
sur, poète, lit et stylo.ROui
85%

Distribution des résultats

Percentile par nombre de réponses

% des personnes avec chaque résultat

Votre développement - résultats

Vous n’avez pas pris ce quiz